000 00658nam a2200145Ia 4500
008 170221s9999 xx 000 0 und d
100 _aAleksander S. Drovnikov
245 _aTeachers Professional Competence Assessment Technology in Qualification Improvement Process
245 _cAleksander S. Drovnikov, Evgeni L. Nikolaev, Anton S. Afanasev, Vladimir N. Ivanov, Tatyana N. Petrova, Galina G. Tenyukova, Natalia L. Maksimova, Faina V. Povshednaya
260 _bInternational Review of Management and Marketing
260 _cDecember 2012
300 _a4:2
650 _xMarketing.
856 _uhttp://www.econjournals.com/index.php/irmm/issue/view/64
999 _c310405
_d310405